| 000 | 00986nam a2200217Ia 4500 | ||
|---|---|---|---|
| 999 |
_c32971 _d32971 |
||
| 003 | OSt | ||
| 005 | 20210608231917.0 | ||
| 008 | 160316s2012 xxu||||| |||| 00| 0 eng d | ||
| 020 | _a9789041140425 | ||
| 040 | _cn | ||
| 082 |
_a336.200000 _bMAR |
||
| 100 | _aMarkham Michelle | ||
| 245 | _aAdvance pricing agreements : Past, present and future | ||
| 260 |
_aThe Hague _bKluwer Law International _c2012 |
||
| 300 |
_a388p _cxviii |
||
| 365 | _b Rs. 10,810 | ||
| 505 | _aTABLE OF CONTENTS Preface.; Acknowledgements.; Table of Cases.; Table of Statutes;. Summary of Abbreviations.; Chapter 1. Introduction.; Chapter 2. Advance Pricing Agreements in the United States.; Chapter 3. Advance Pricing Agreements in Australia.; Chapter 4. The Future of APAs.; Appendices:; A. United States.; B. Australia. | ||
| 650 | _a1. Transfer Pricing - Taxation - Law & Legislation2. International Business Enterprises - Taxation3. Transfer Pricing | ||
| 700 |
_a _a |
||
| 942 |
_2ddc _cBK |
||